000 00295nam a22001337a 4500
008 181207b xxu||||| |||| 00| 0 eng d
020 _a0716710455
041 _aeng
080 _a510
100 _a36
101 _aMAT
245 _aComputers and Intractability
_cGarey, M.R
942 _2udc
_cBK
999 _c53027
_d53027